| 000 | 00431nam a22001457a 4500 | ||
|---|---|---|---|
| 008 | 140425b xxu||||| |||| 00| 0 eng d | ||
| 020 | _a972-680-219-9 | ||
| 080 | _a81.22 | ||
| 100 | _aBAPTISTA, Vera Saraiva | ||
| 245 |
_aPortugues-B _bSignos _cVera Saraiva Baptista |
||
| 260 |
_aLisboa _bLisboa editora _c1994 |
||
| 300 |
_a432-p. _b _c _e _f _g |
||
| 650 |
_aA Voz e a mascara - o genero dramatico _xPortugues |
||
| 942 |
_2udc _cBK |
||
| 999 |
_c28890 _d28890 |
||